Länder Deutschlands, die an andere Länder grenzen - Statistiken

Allgemein
  • Dieses Quiz wurde 57 mal gespielt
  • Das Durchschnittsergebnis liegt bei 10 aus 10
Antwortstatistiken
Landen % Korrekt
Bayern
100%
Saarland
100%
Baden-Württemberg
98%
Nordrhein-Westfalen
98%
Schleswig-Holstein
98%
Sachsen
96%
Brandenburg
94%
Mecklenburg-Vorpommern
94%
Niedersachsen
94%
Rheinland-Pfalz
92%
Keine übereinstimmenden Quizze gefunden
Verteilung der Resultate
Anzahl Personen mit jedem Resultat
Perzentil nach korrekt beantworteten Fragen
Ihre Resultats-Entwicklung
Sie haben dieses Quiz noch nicht gespielt